Chomsky o Skinner?: la génesis del lenguaje

Tallennettuna:
Bibliografiset tiedot
Päätekijät: Chomsky, Noam (Tekijä), MacCorquodale, K (Tekijä), Premack, D (Tekijä), Richelle, M (Tekijä)
Aineistotyyppi: Kirja
Kieli:espanja
Julkaistu: Barcelona Fontanella 1977
Sarja:Breviarios de conducta humana, 4
Aiheet:
Tagit: Lisää tagi
Ei tageja, Lisää ensimmäinen tagi!

MARC

LEADER 00000nam a2200000 a 4500
001 UCY6537
003 CL-VaPUC
008 950526e19770600SP |||||||||||||||||spa|d
082 0 4 |a 400.9  |b CHO  |2 21 
100 0 |a Chomsky, Noam  |e author  |9 320717 
700 0 |a MacCorquodale, K  |e author  |9 336520 
700 0 |a Premack, D  |e author  |9 336521 
700 0 |a Richelle, M  |e author  |9 336522 
245 1 0 |a Chomsky o Skinner?: la génesis del lenguaje 
300 |a 232 p 
942 |c BK 
945 |d 19950526 00:00:00  |a cmena 
260 |a Barcelona  |b Fontanella  |c 1977 
650 0 |a Psicología   |9 257863 
650 0 |a Psicolingüística   |9 283371 
650 0 |a Lingüística  |9 265068 
650 0 |a Psicología aplicada   |9 270762 
650 7 |a COMPORTAMIENTO LINGUISTICO  |2 CL-VaPUC  |9 336280 
650 0 |a Desarrollo del lenguaje   |9 311270 
650 7 |a LINGUISTICA ESTADISTICA  |2 CL-VaPUC  |9 336523 
650 0 |a Análisis funcional   |9 269993 
583 |a last modification  |c 19950526 00:00:00  |k Rodrigo Vera 
490 0 |a Breviarios de conducta humana, 4 
999 |c 234097  |d 234095 
952 |0 0  |1 0  |4 0  |6 400_900000000000000_CHO_1977  |7 0  |8 A  |9 240074  |a BIBEDU  |b BIBEDU  |d 2019-11-18  |i 1513176  |o 400.9 CHO 1977  |p 1513176  |r 2019-11-18  |w 2019-11-18  |y BK  |k EDU